Global Commercial Property Monitor (Record no. 121917)
[ view plain ]
| 000 -LEADER | |
|---|---|
| fixed length control field | 01370nam a22002057a 4500 |
| 008 - FIXED-LENGTH DATA ELEMENTS--GENERAL INFORMATION | |
| fixed length control field | 240425s2024 xxk|||||o|||| 00| 0 eng d |
| 041 ## - LANGUAGE CODE | |
| Language code of text/sound track or separate title | eng |
| 110 ## - MAIN ENTRY--CORPORATE NAME | |
| Corporate author | Royal Institution of Chartered Surveyors |
| 245 ## - TITLE STATEMENT | |
| Title | Global Commercial Property Monitor |
| Subtitle | Q1 2024 |
| Medium | [Electronic resource] |
| 260 ## - PUBLICATION INFORMATION | |
| Place of publication | London, |
| Publisher | Royal Institution of Chartered Surveyors, |
| Date | April 2024 |
| 490 ## - SERIES TITLE | |
| Series statement | RICS Global Commercial Property Monitor |
| Volume | Q1 2024 |
| 520 ## - ABSTRACT | |
| Abstract | The Q1 2024 RICS UK Commercial Property Monitor <br/>results show tentative signs that the market is shifting <br/>towards a recovery phase, albeit the current backdrop <br/>remains challenging given the relatively restrictive interest <br/>rate setting alongside structural headwinds. In keeping <br/>with this, the largest share of respondents now view the <br/>market as either having reached a floor for this cycle (35%) <br/>or having entered the early stages of an upturn (38%). |
| 650 ## - KEYWORDS | |
| Keywords | COMMERCIAL PROPERTY |
| 651 ## - SUBJECT ADDED ENTRY--GEOGRAPHIC NAME | |
| Geographic name | International |
| 690 ## - BROAD SUBJECT | |
| 9 (RLIN) | 6227 |
| Broad subject | Commercial property |
| 710 ## - ADDED CORPORATE NAME | |
| Added corporate author | Royal Institution of Chartered Surveyors |
| 856 ## - ONLINE RESOURCE | |
| Uniform Resource Identifier | <a href="https://www.rics.org/content/dam/ricsglobal/documents/market-surveys/Q1-2024-RICS-UK-Commercial-Propety-Monitor.pdf">https://www.rics.org/content/dam/ricsglobal/documents/market-surveys/Q1-2024-RICS-UK-Commercial-Propety-Monitor.pdf</a> |
| Public note | Available on RICS.org |
| 856 ## - ONLINE RESOURCE | |
| Uniform Resource Identifier | <a href="https://www.rics.org/profession-standards/knowledge-and-information-services">https://www.rics.org/profession-standards/knowledge-and-information-services</a> |
| Public note | If archived please email [email protected] |
| 942 ## - ADDED ENTRY ELEMENTS (KOHA) | |
| Suppress in OPAC | Do not suppress in OPAC |
| Lost status | Damaged status | Not for loan | Current library | Shelving location | Date acquired | Total Checkouts | Full call number | Date last seen | Price effective from | Koha item type |
|---|---|---|---|---|---|---|---|---|---|---|
| Virtual | Online | 25/04/2024 | PROPERTY MARKET DATA | 25/04/2024 | 25/04/2024 | Online material |